000
00206 a2200097 4500
001
3890
100
_a
Wood, D.R.J
245
_a
Introduction to electronics
260
_a
_b
J.M.Dent
_c
090
_c
3120
_d
3120
942
_a
NUST-CAE
_c
M
_c
23559
999
_c
238963
_d
238963